00975nam a2200229 a 450000100100000000500170001000800410002704000250006808200170009324500960011026000500020630000170025649000370027350000320031070000600034270000370040283000440043904900090048395201150049295201210060799900170072800002091720240710123700.0100824s2003 dr 001 0 spa d aDO-SdBNPbspacBNPHU axxxxxbM385r00aRecopilaciones sociológicas /cJuan Francisco Martínez Almánzar, Sergia Ant. Gómez. aSanto Domingo :bEditora 9 de Octubre,c2003. av. ;c21 cm.1 aRecopilaciones sociológicasv1 aLa biblioteca posee el v. 11 aMartínez Almanzar, Juan Franciscod1950 -eed.9104591 aGómez, Sergia Ant.eed.943840 0aRecopilaciones sociológicasv1943841 aBNPD 0010718PDaPDbPDcCTd2010-08-24iLF1l0oxxxxx M385rp20917-10r2020-06-25w2020-06-25yLFPDZNo se presta 0010718PDaPDbPDcCTd2010-08-24iLF1l0oxxxxx M385rp20917-20r2020-06-25te. 2w2020-06-25yLFPDZNo se presta c20420d20420